21st Century literature from the Philippines and the world/ (Record no. 364404)
[ view plain ]
| 000 -LEADER | |
|---|---|
| fixed length control field | 00431nam a2200121Ia 4500 |
| 008 - FIXED-LENGTH DATA ELEMENTS--GENERAL INFORMATION | |
| fixed length control field | 200922s9999 xx 000 0 und d |
| 020 ## - INTERNATIONAL STANDARD BOOK NUMBER | |
| International Standard Book Number | 978-621-9565-34-9 |
| 100 ## - MAIN ENTRY--PERSONAL NAME | |
| Personal name | Asuncion, Luis G. |
| 245 ## - TITLE STATEMENT | |
| Statement of responsibility, etc | Luis G. Asuncion, Jeremiah R. Irarum, Bernadette B. Enriquez |
| Title | 21st Century literature from the Philippines and the world/ |
| 260 ## - PUBLICATION, DISTRIBUTION, ETC. (IMPRINT) | |
| Place of publication, distribution, etc | Manila: |
| Name of publisher, distributor, etc | JO-EH Publishing |
| Date of publication, distribution, etc | 2017 |
| 300 ## - PHYSICAL DESCRIPTION | |
| Extent | viii, 343 pages |
| Dimensions | 22 cm. |
| 650 ## - SUBJECT ADDED ENTRY--TOPICAL TERM | |
| Topical term or geographic name as entry element | Literature |
| Withdrawn status | Lost status | Damaged status | Home library | Current library | Shelving location | Date acquired | Source of acquisition | Total Checkouts | Total Renewals | Full call number | Barcode | Date last seen | Date checked out | Price effective from | Koha item type |
|---|---|---|---|---|---|---|---|---|---|---|---|---|---|---|---|
| College Library | College Library | Filipiniana Section | 09/22/2020 | 1 | 1 | PN 771 .As861 2017 | C22490 | 07/25/2024 | 04/17/2024 | 09/22/2020 | Books |